000 00619cam a22001934a 4500
005 20250605164346.0
008 250528s ||||||||||||||||||||||||d
035 _a23876
040 _aGR-AtMCL
_bgre
_dGR-AtMCL
_eAACR2
245 1 _aAnnual Conference / President's Award, Gender in Policing, Intellectual Competence
260 _c2005
300 _a63
520 _aFor Love or Money?, Why I Study... Gender in Policing, Memories of Attention, A Question of Style.
700 1 _aSutton Jon
_99351
942 _cCR
710 2 _aThe British Psychological Society
_99823
999 _c8795
_d8795